| 000 | 00582nam a22001817a 4500 | ||
|---|---|---|---|
| 999 |
_c8604 _d8604 |
||
| 008 | 201208b ||||| |||| 00| 0 eng d | ||
| 040 | _aBMS College of Architecture | ||
| 100 | _aAbdulla, Rifa Ayishth | ||
| 245 | _aKerala thanima - A cultural experience center | ||
| 300 | _aiii,38p. | ||
| 500 | _a1BM12AT013 | ||
| 502 |
_8B,Arch _NBMS College of Architecture, Visvesvaraya Technological University (VTU) _aProject report _d2016 |
||
| 650 | _aCultural | ||
| 650 | _aKerala | ||
| 700 |
_aSowmya Muralidhar _eGuide |
||
| 700 |
_aSrikanth Chandrashekar _eGuide |
||
| 942 |
_2ddc _cTHE |
||